Everything is a Lot (SONG) by WWATTW - Statistics

General Stats
  • This quiz has been taken 3 times
  • The average score is 35 of 71
Answer Stats
Answer % Correct
a
100%
be
100%
cause
100%
die
100%
everything
100%
everything
100%
I
100%
I
100%
I
100%
I
100%
is
100%
is
100%
lot
100%
alive
50%
all
50%
all
50%
all
50%
all
50%
am
50%
answer
50%
but
50%
can
50%
cannot
50%
decide
50%
feel
50%
feel
50%
find
50%
go
50%
holding
50%
if
50%
inside
50%
it
50%
it
50%
it
50%
let
50%
Night
50%
no
50%
on
50%
only
50%
real
50%
right
50%
sky
50%
so
50%
that
50%
that
50%
that
50%
to
50%
until
50%
when
50%
why
50%
wonder
50%
you
50%
you
50%
you
50%
you
50%
you
50%
you're
50%
aside
0%
at
0%
cost
0%
dreams
0%
lost
0%
moments
0%
money
0%
size
0%
the
0%
the
0%
the
0%
this
0%
tossed
0%
you've
0%
No matching quizzes found
Score Distribution
Percent of People with Each Score
Percentile by Number Answered
Your Score History
You have not taken this quiz